Alle Länderumrisse Afrikas - Statistiken

Allgemein
  • Dieses Quiz wurde 81 mal gespielt
  • Das Durchschnittsergebnis liegt bei 35 aus 54
Antwortstatistiken
Bildquiz Antwort % Korrekt
Ägypten
98%
Marokko
92%
Südafrika
92%
Namibia
91%
Somalia
91%
Mali
87%
Gambia
85%
Tschad
85%
Benin
83%
Kap Verde
83%
Algerien
81%
Äquatorial-Guinea
81%
Madagaskar
81%
Angola
79%
Mosambik
79%
Senegal
79%
Kamerun
77%
Libyen
77%
Malawi
77%
Demokratische Republik Kongo
75%
Togo
75%
Eritrea
74%
Sambia
72%
Sudan
72%
Mauritius
68%
São Tomé und Príncipe
68%
Äthiopien
66%
Ghana
66%
Tunesien
66%
Seychellen
62%
Komoren
60%
Mauretanien
60%
Niger
60%
Simbabwe
57%
Burkina Faso
55%
Guinea-Bissau
55%
Zentralafrikanische Republik
55%
Guinea
53%
Tansania
51%
Dschibuti
49%
Liberia
47%
Nigeria
47%
Elfenbeinküste
45%
Gabun
45%
Südsudan
45%
Lesotho
43%
Sierra Leone
43%
Burundi
42%
Botswana
38%
Eswatini
38%
Kenia
38%
Republik Kongo
36%
Uganda
36%
Ruanda
30%
Keine übereinstimmenden Quizze gefunden
Verteilung der Resultate
Anzahl Personen mit jedem Resultat
Perzentil nach korrekt beantworteten Fragen
Ihre Resultats-Entwicklung
Sie haben dieses Quiz noch nicht gespielt